000 00903cad a22001935a 4500
001 L153517
008 110803s2011 xxk 000 0 eng d
035 _a(Sirsi) u153517
041 0 _aeng
110 2 _aEC Harris
_94930
245 0 0 _aGlobal construction disputes on the increase, EC Harris research finds
_h[electronic resource]
260 _aLondon
_bECHarris
_c2011
520 _aPoor administration found to be the most common cause of dispute; average value of dispute was US$35.1m, but highest in Asia and Middle East; disputes taking over 9 months to resolve, on average, and longest in Asia.
590 _aKA
651 4 _aInternational
690 _aMANAGEMENT-DISPUTE AVOIDANCE, MANAGEMENT AND RESOLUTION-DISPUTE MANAGEMENT AND RESOLUTION
856 4 0 _uhttps://www.echarris.com/reference/news/construction_disputes.aspx
_zView the item free of charge at www.echarris.com
942 _n0
999 _c112565
_d112565